Statystyki dla Wszyscy raperzy powyżej 1 miliona słuchaczy na SPOTIFY.

Kliknij tutaj aby rozwiązać quiz!

Ogólne statystyki

  • Ten quiz został rozwiązany 556 razy
    (288 od ostatniego zresetowania)
  • Średni wynik to 18 z 32

Statystyki odpowiedzi

Liczba słuchaczyRaper% Poprawnych
2 333 636Mata
97%
2 092 805Bedoes 2115
89%
2 162 755White 2115
86%
1 591 201Quebonafide
84%
2 095 243Taco Hemingway
84%
2 004 432Malik Montana
83%
2 070 175Oki
79%
1 379 412Białas
78%
1 592 728Żabson
77%
1 632 784Young Igi
76%
1 617 821Kizo
74%
1 668 735Young Leosia
71%
1 317 747ReTo
68%
1 293 077Szpaku
65%
1 550 196Sobel
64%
1 811 074Otsochodzi
63%
1 333 545Blacha 2115
55%
1 204 214Smolasty
49%
1 941 196Gibbs
47%
1 518 026Kukon
47%
1 136 026Guzior
45%
1 231 596Tymek
45%
1 484 024Lanek
42%
1 350 726Kabe
41%
1 207 054Kuban
36%
1 256 652Kuqe 2115
36%
1 730 510Mr. Polska
36%
1 132 453Avi
35%
1 220 725Miszel
35%
1 406 435Dwa Sławy
10%
1 456 214Gruby Mielzky
7%
1 018 916Kiełas
7%

Rozkład punktacji

Percentyl według liczby udzielonych odpowiedzi

Procent ludzi z każdym wynikiem

Twoja historia wyników

Nie rozwiązałeś tego quizu od ostatniego zresetowania